000 00866nmc a2200277 a 4500
003 AR-X00000XY
005 20251128211850.0
008 216120s2006 ||||||||||||||000 | spa||
040 _cAR-X00000XY
245 1 0 _a3º Ciclo EGB / nivel medio
_b7º, 8º y 9º años : Ciencias Sociales : NAP
260 _aBuenos Aires
_bMECyT
_c2006
300 0 _a29 p.
490 0 _aNúcleos de aprendizajes prioritarios
650 4 _aGUIA DEL DOCENTE
650 4 _aDESARROLLO DEL CURRICULO
650 4 _aENSENANZA DE LAS CIENCIAS SOCIALES
651 4 _aArgentina
653 0 _aTERCER CICLO DE LA EGB
653 0 _aCONTENIDOS CURRICULARES
653 0 _aESTRATEGIAS DIDACTICAS
653 0 _aNIVEL MEDIO
653 0 _aGESTION CURRICULAR
710 1 _aArgentina
_bMinisterio de Educación
_bConsejo Federal de Cultura y Educación
942 _cBK
998 _cNancy
999 _c21417
_d21417